[Event "Kronborg Chess Open 2023 Master1"]
[Site "Helsingor"]
[Date "2023.05.20"]
[Round "6"]
[White "Bergsson, Stefan"]
[Black "Nilsson, Patrik"]
[Result "0-1"]
[WhiteElo "2186"]
[BlackElo "2191"]
[PlyCount "66"]
[EventDate "2023.05.18"]
[EventType "tourn"]
[EventRounds "7"]
[EventCountry "DEN"]
[SourceTitle "Turneringssystemet"]

1. c4 f5 2. d4 Nf6 3. Nc3 d6 4. Nf3 g6 5. g3 Bg7 6. Bg2 O-O 7. O-O Qe8 8. Qc2
e5 9. dxe5 dxe5 10. e4 f4 11. b3 Nc6 12. Nb5 Rf7 13. Ng5 Rd7 14. gxf4 a6 15.
Bb2 h6 16. fxe5 Nxe5 17. f4 hxg5 18. fxe5 Ng4 19. e6 Qxe6 20. Bxg7 Rxg7 21. Nc3
Qe5 22. Rf3 Qxh2+ 23. Kf1 Ne5 24. Rf2 Bh3 25. Bxh3 Qxh3+ 26. Ke2 Ng4 27. Raf1
Qe3+ 28. Kd1 Nxf2+ 29. Rxf2 Rd8+ 30. Rd2 Rxd2+ 31. Qxd2 Qxd2+ 32. Kxd2 g4 33.
Ke3 Rf7 0-1

[Event "Kronborg Chess Open 2023 Master1"]
[Site "Helsingor"]
[Date "2023.05.20"]
[Round "6"]
[White "Ostensen, Nicolai Maxime"]
[Black "Svendsen, Mads O"]
[Result "1-0"]
[WhiteElo "2215"]
[BlackElo "2102"]
[PlyCount "121"]
[EventDate "2023.05.18"]
[EventType "tourn"]
[EventRounds "7"]
[EventCountry "DEN"]
[SourceTitle "Turneringssystemet"]

1. Nf3 d5 2. g3 c5 3. Bg2 Nc6 4. d4 e6 5. O-O Nf6 6. b3 cxd4 7. Nxd4 Be7 8. Bb2
O-O 9. c4 Bd7 10. Nd2 Nxd4 11. Bxd4 Bc6 12. Rc1 Qa5 13. cxd5 Bxd5 14. Nc4 Bxc4
15. Rxc4 Rad8 16. Qa1 b5 17. Bc3 b4 18. Bd4 Rc8 19. Rfc1 Rxc4 20. Rxc4 Rd8 21.
Bf3 Ne8 22. e4 Bf6 23. e5 Be7 24. Qc1 Qxa2 25. Rc8 Qa5 26. Rxd8 Bxd8 27. Qc6
Kf8 28. Qd7 Qc7 29. Qxc7 Nxc7 30. Bc6 Nd5 31. Bxd5 exd5 32. Bxa7 Ke7 33. f4 Ke6
34. Kf2 f6 35. exf6 Bxf6 36. g4 h5 37. h3 g6 38. Ke3 hxg4 39. hxg4 Bb2 40. Kd3
Bc1 41. Be3 Bb2 42. Bd2 Ba3 43. Be3 Bb2 44. Bd2 Ba3 45. Kd4 Kd6 46. Be1 Bb2+
47. Kd3 Ba3 48. Bg3 Kc5 49. Kc2 d4 50. Kd3 Bb2 51. Ke4 Bc3 52. Bh4 Kd6 53. Bf6
Kc5 54. Bg7 Bb2 55. Bf8+ Kb5 56. Be7 Bc3 57. Kd3 Bb2 58. f5 gxf5 59. g5 Bc1 60.
g6 Bh6 61. Bf6 1-0

[Event "Kronborg Chess Open 2023 Master1"]
[Site "Helsingor"]
[Date "2023.05.21"]
[Round "7"]
[White "Thorsbro, Peter"]
[Black "Larsen, Ole Bogh"]
[Result "1-0"]
[WhiteElo "2165"]
[BlackElo "2205"]
[PlyCount "108"]
[EventDate "2023.05.18"]
[EventType "tourn"]
[EventRounds "7"]
[EventCountry "DEN"]
[SourceTitle "Turneringssystemet"]

1. d4 Nf6 2. g3 g6 3. Bg2 d5 4. Nf3 Bg7 5. O-O O-O 6. c4 c6 7. Nc3 dxc4 8. Qc2
Na6 9. Rd1 Nb4 10. Qb1 Bf5 11. e4 Bg4 12. Be3 Qa5 13. h3 Bxf3 14. Bxf3 Rad8 15.
a3 Nd3 16. Qc2 e5 17. dxe5 Nxe5 18. Be2 Nfd7 19. f4 Nd3 20. e5 N7c5 21. Bf3 f6
22. Ne4 Nxe4 23. Bxe4 b5 24. e6 Rfe8 25. Bxd3 cxd3 26. Qxc6 Re7 27. Rac1 f5 28.
Bc5 Rc7 29. Qf3 Rxc5 30. e7 Re8 31. Rxc5 Bd4+ 32. Kf1 Bxc5 33. Qd5+ Kg7 34.
Qxc5 Qb6 35. Qxb6 axb6 36. Rxd3 Rxe7 37. Rb3 Re6 38. Rxb5 Kf7 39. h4 Ke7 40.
Re5 Rxe5 41. fxe5 Ke6 42. a4 Kxe5 43. b4 Kd5 44. a5 bxa5 45. bxa5 Kc5 46. Kf2
h6 47. Ke3 g5 48. h5 Kb5 49. Kd4 Kxa5 50. Ke5 f4 51. gxf4 gxf4 52. Kxf4 Kb6 53.
Kf5 Kc7 54. Kg6 Kd8 1-0

[Event "Kronborg Chess Open 2023 Master1"]
[Site "Helsingor"]
[Date "2023.05.21"]
[Round "7"]
[White "Nilsson, Patrik"]
[Black "Ostensen, Nicolai Maxime"]
[Result "0-1"]
[WhiteElo "2191"]
[BlackElo "2215"]
[PlyCount "90"]
[EventDate "2023.05.18"]
[EventType "tourn"]
[EventRounds "7"]
[EventCountry "DEN"]
[SourceTitle "Turneringssystemet"]

1. d4 Nf6 2. Bf4 d6 3. Nc3 Nbd7 4. Nf3 g6 5. e4 Bg7 6. Qd2 O-O 7. Bh6 c6 8.
Bxg7 Kxg7 9. O-O-O Qa5 10. Kb1 e5 11. h4 h5 12. Ng5 b5 13. dxe5 dxe5 14. f3 b4
15. Ne2 Nc5 16. Nc1 Be6 17. Nxe6+ Nxe6 18. Nb3 Qb6 19. Bc4 Rfd8 20. Qc1 Nd4 21.
Qg5 Nxb3 22. axb3 Qc5 23. Rxd8 Rxd8 24. g4 Rh8 25. gxh5 Nxh5 26. Qd2 Qe7 27.
Qg2 Rd8 28. Qg4 Qf6 29. Rg1 Kf8 30. Qg2 Rd4 31. Ka2 a5 32. Qg4 a4 33. Qc8+ Kg7
34. Qc7 axb3+ 35. cxb3 Rd8 36. Rg5 Ra8+ 37. Kb1 Qxf3 38. Qxe5+ Nf6 39. Rg1 Re8
40. Qc5 Qxe4+ 41. Kc1 Ra8 42. Rf1 Ra1+ 43. Kd2 Rxf1 44. Bxf1 Qf4+ 45. Ke1 Qxh4+
0-1